| 000 | 00731nam a2200229 4500 | ||
|---|---|---|---|
| 003 | OSt | ||
| 005 | 20240701015612.0 | ||
| 006 | a | ||
| 008 | 240701b |||||||| |||| 00| 0 eng d | ||
| 020 | _a9780470474457 | ||
| 040 |
_aDWCL-Main lib. _cOC |
||
| 082 | _aCirc. 378.125 M423e 2011 | ||
| 100 | _aMastascusa, Edward J. | ||
| 245 | _aEffective instruction for STEM disciplines: from learning theory to college teaching / | ||
| 260 |
_aSan Francisco, Calif. : _bJossey-Bass, _cc2011. |
||
| 300 |
_axxviii, _b260 p. ; _c24 cm. |
||
| 504 | _aIncludes bibliographical references and index. | ||
| 650 | _a1. College teaching. | ||
| 650 | _a2. Effective teaching. | ||
| 650 | _a3. Learning. | ||
| 942 |
_2ddc _n0 _cBK-CIRC _kCirc. |
||
| 999 |
_c1674 _d1674 |
||